00414nam a2200157Ia 450000500170000000800410001708200190005824500220007726000600009930000170015965000130017665000130018965000120020265000150021470000270022920250310061055.0240331s9999 xx 000 0 und d bINT26148a973 0aInthu Paramparium aColombo,bColombo Young Women's Hindu Associationc2003 axvi, 229 p., aHinduism aReligion aCustoms aTraditions aThavayogarajah, Veedt